[Event "Sao Paulo Hebraica op 27th"]
[Site "Sao Paulo"]
[Date "2020.01.10"]
[Round "2"]
[White "Kojima, Rodrigo Yosuke"]
[Black "Katsuyama, Eric Shih"]
[Result "1-0"]
[WhiteElo "1513"]
[BlackElo "1539"]
[PlyCount "51"]
[EventDate "2020.01.10"]
[EventType "swiss"]
[EventRounds "6"]
[EventCountry "BRA"]
[SourceTitle "CBM 194 Extra"]
[Source "ChessBase"]
[SourceDate "2020.03.31"]
[SourceVersion "1"]
[SourceVersionDate "2020.03.31"]
[SourceQuality "1"]

1. d4 Nf6 2. Nf3 g6 3. Bf4 Bg7 4. h3 d6 5. e3 0-0 6. Be2 Nbd7 7. 0-0 c5 8. c3 cxd4 9. exd4 Nb6 10. Nbd2 Be6 11. a4 Rc8 12. Bh2 Nc4 13. Nxc4 Bxc4 14. Bxc4 Rxc4 15. Qb3 Qc8 16. Nd2 Rc7 17. Rfe1 Re8 18. Rac1 Nd7 19. Nf3 h6 20. Re2 e5 21. Rce1 Re6 22. dxe5 dxe5 23. Nxe5 Nc5 24. Qa2 Rce7 25. Nxg6 fxg6 26. Bd6 1-0

[Event "Sao Paulo Salles Cup 11th"]
[Site "Sao Paulo"]
[Date "2017.03.25"]
[Round "3"]
[White "De Freitas, Fabio Ruiz"]
[Black "Katsuyama, Eric Shih"]
[Result "1-0"]
[WhiteElo "1589"]
[BlackElo "1053"]
[PlyCount "41"]
[EventDate "2017.03.24"]
[EventType "swiss (blitz)"]
[EventRounds "6"]
[EventCountry "BRA"]
[SourceTitle "CBM 177 Extra"]
[Source "ChessBase"]
[SourceDate "2017.04.27"]
[SourceVersion "1"]
[SourceVersionDate "2017.04.27"]
[SourceQuality "1"]

1. Nf3 d5 2. c4 Nf6 3. cxd5 Nxd5 4. e4 Nf6 5. Nc3 e5 6. Nxe5 Nxe4 7. Qa4+ Nc6 8. Nxc6 bxc6 9. Qxc6+ Bd7 10. Qxe4+ Qe7 11. Bc4 Qxe4+ 12. Nxe4 Bd6 13. Nxd6+ cxd6 14. 0-0 0-0 15. b3 a6 16. Re1 Rae8 17. Ba3 Re6 18. Bxe6 Re8 19. Bxd7 Rxe1+ 20. Rxe1 g6 21. Bxd6 1-0

[Event "Sao Paulo Schutt Cup 10th"]
[Site "Sao Paulo"]
[Date "2016.10.29"]
[Round "3"]
[White "Katsuyama, Eric Shih"]
[Black "Ferreira, Renato Luis Bueloni"]
[Result "1/2-1/2"]
[WhiteElo "1754"]
[BlackElo "1376"]
[PlyCount "107"]
[EventDate "2016.10.28"]
[EventType "swiss"]
[EventRounds "6"]
[EventCountry "BRA"]
[SourceTitle "CBM 175 Extra"]
[Source "ChessBase"]
[SourceDate "2016.12.12"]
[SourceVersion "1"]
[SourceVersionDate "2016.12.12"]
[SourceQuality "1"]

1. e4 c5 2. Nf3 Nc6 3. d4 cxd4 4. Nxd4 g6 5. Nc3 Bg7 6. Be3 Nf6 7. f3 0-0 8. Qd2 a6 9. 0-0-0 Qc7 10. h4 b5 11. h5 Nxh5 12. g4 Nf6 13. Nxc6 dxc6 14. Bh6 b4 15. Na4 Qa5 16. b3 Rb8 17. Bxg7 Kxg7 18. Qh6+ Kg8 19. g5 Nh5 20. Bd3 Qe5 21. Rdg1 Qa1+ 22. Kd2 Qg7 23. Bc4 Qxh6 24. gxh6 Rd8+ 25. Kc1 Nf4 26. Rd1 Rxd1+ 27. Rxd1 Be6 28. Bxa6 f6 29. Nc5 Kf7 30. Nxe6 Nxe6 31. Bc4 Ra8 32. Bxe6+ Kxe6 33. Kb2 Ke5 34. Rd7 Ke6 35. Rb7 c5 36. c3 Rd8 37. cxb4 cxb4 38. Rxb4 Rd2+ 39. Kc3 Rxa2 40. f4 Rh2 41. Rb6+ Kf7 42. f5 Rxh6 43. b4 Rh3+ 44. Kc4 g5 45. b5 g4 46. Rc6 g3 47. Kb4 Rh4 48. Rc1 Rxe4+ 49. Ka5 Re5 50. Ka6 g2 51. b6 Rxf5 52. b7 Rf1 53. b8Q g1Q 54. Rc8 1/2-1/2